000
00297nam a22001337a 4500
008
180807b xxu||||| |||| 00| 0 eng d
082
_a
813.52
245
_a
The New Century Handbook
_c
Hult,Ch,A
260
_c
2005
300
_a
1
_f
CD
440
_x
0321259319
760
_b
3rd
942
_2
ddc
_c
MX
999
_c
46901
_d
46901